000 00775nam a2200217Ii 4500
003 JO-AjNU
008 230605s9999||||xx |||||||||||||| ||und||
017 _a1984/2/94
040 _aJO-AjNU
_bara
_erda
_cJO-AjNU
041 _aara
050 1 4 _aPN5449.J6.S5284 1984
100 3 _aشريم، أميمة بشير,
_eauthor
_938327
245 0 0 _aالصحافة الأردنية وعلاقتها بقوانين المطبوعات والنشر 1920 - 1983
250 _aط1
264 3 1 _aعمان: المؤلفة، 1984
300 _a227ص
336 _atext
_btxt
_2rdacontent
337 _aunmediated
_bn
_2rdamedia
338 _avolume
_bnc
_2rdacarrier
650 4 _aالصحافة - الصحافة الأردنية - قوانين المطبوعات والنشر
_938328
999 _aA16093
_c19661
_d19661